000 00858caa a22002417a 4500
999 _c419391
_d419391
001 131150
003 UA-OsUOA
005 20200127104854.0
007 ta
008 20180523b un ||||| |||| 00| 0 ukr d
040 _aUA-OsUOA
_bukr
_cUA-OsUOA
_dUA-OsUOA
041 _aukr
080 _a908
090 _a908
_bМ24
100 _aМанько І.
245 _aДіяльність Острозького педагогічного училища (1945–1956 рр.)
_cІ. Манько
300 _aС. 101-104
650 7 _a908 Краєзнавство
_2UDC
773 0 _0387794
_9411657
_dОстрог НаУОА 2013
_o143116
_tАктуальні питання історії та культури України
_w(UA-OsUOA) 101686
942 _cBKA
_2udc
955 _a1